[Event "Landesklasse Ost 2024/25"]
[Site "?"]
[Date "2025.04.27"]
[Round "8.3"]
[White "Wagner, Ronald"]
[Black "Kölpin, Arvid"]
[Result "1/2-1/2"]
[WhiteElo "1775"]
[BlackElo "1956"]
[PlyCount "117"]
[EventDate "2024.09.15"]
[EventType "team-tourn"]
[EventRounds "9"]
[WhiteTeam "MTV 1876 Saalfeld"]
[BlackTeam "SSV Vimaria 91 Weimar 2"]

1. Nf3 d5 2. b3 Nf6 3. g3 Bf5 4. Bb2 c6 5. Bg2 Nbd7 6. d3 h6 7. Nbd2 Qc7 8. c4 e5 9. Qc2 Bd6 10. cxd5 cxd5 11. Qxc7 Bxc7 12. O-O O-O 13. Rac1 Bd6 14. Rfe1 Rac8 15. Rxc8 Rxc8 16. Rc1 Rxc1+ 17. Bxc1 b5 18. a3 Kf8 19. b4 Nb6 20. Bb2 Nfd7 21. e4 dxe4 22. Nxe4 Bb8 23. Nfd2 Be6 24. Nc3 Bf5 25. Nxb5 Bxd3 26. Nc3 Ke7 27. Nd5+ Nxd5 28. Bxd5 Nb6 29. Be4 Bxe4 30. Nxe4 f5 31. Nc3 Bd6 32. f3 Nc4 33. Bc1 a5 34. bxa5 Bc5+ 35. Kf1 Nxa5 36. Ke2 Kd6 37. Kd3 Bg1 38. h3 h5 39. a4 Bd4 40. Ba3+ Bc5 41. Nb5+ Kc6 42. Bb2 Bd6 43. Nxd6 Kxd6 44. Bc3 Nc6 45. Kc4 g6 46. Bb2 Na5+ 47. Kb4 Nc6+ 48. Kc4 Na5+ 49. Kb5 Nb3 50. a5 Nxa5 51. Kxa5 Kd5 52. Kb4 h4 53. gxh4 e4 54. fxe4+ Kxe4 55. Kc4 Kf3 56. Kd3 Kg3 57. Bf6 f4 58. Be5 Kxh4 59. Bxf4 1/2-1/2

[Event "Landesklasse Ost 2024/25"]
[Site "?"]
[Date "2025.04.27"]
[Round "8.4"]
[White "Günther, Arthur"]
[Black "Müller, Jürgen"]
[Result "1/2-1/2"]
[WhiteElo "1786"]
[BlackElo "1766"]
[PlyCount "84"]
[EventDate "2024.09.15"]
[EventType "team-tourn"]
[EventRounds "9"]
[WhiteTeam "SSV Vimaria 91 Weimar 2"]
[BlackTeam "MTV 1876 Saalfeld"]

1. d4 Nf6 2. Nf3 d5 3. e3 Bg4 4. c4 e6 5. Nc3 Bb4 6. Qa4+ Nc6 7. Ne5 O-O 8. Nxc6 Bxc3+ 9. bxc3 bxc6 10. Ba3 Re8 11. Bd3 Qd7 12. O-O Bf5 13. Bxf5 exf5 14. Rfb1 Ne4 15. Rb7 dxc4 16. Qxc4 a5 17. Qd3 g6 18. Rab1 Rec8 19. f3 Ng5 20. c4 Ne6 21. Qc3 h6 22. Rd1 Kh7 23. d5 Rg8 24. d6 c5 25. Qf6 Nd8 26. Rbb1 Ne6 27. dxc7 Qxc7 28. Rd5 Rad8 29. Rbd1 Rxd5 30. cxd5 Nd8 31. d6 Qc6 32. Qc3 Ne6 33. Bb2 Qa4 34. Qb3 Qxb3 35. axb3 Rd8 36. Bc3 Rd7 37. Bxa5 g5 38. g3 Kg6 39. Kf2 g4 40. b4 cxb4 41. Bxb4 Ng5 42. fxg4 fxg4 1/2-1/2

[Event "Landesklasse Ost 2024/25"]
[Site "?"]
[Date "2025.04.27"]
[Round "8.5"]
[White "Schneiderheinze, Roland"]
[Black "Gräf, Michael"]
[Result "0-1"]
[WhiteElo "1455"]
[BlackElo "1843"]
[PlyCount "78"]
[EventDate "2024.09.15"]
[EventType "team-tourn"]
[EventRounds "9"]
[WhiteTeam "MTV 1876 Saalfeld"]
[BlackTeam "SSV Vimaria 91 Weimar 2"]

1. d4 Nf6 2. c4 e6 3. Nc3 Bb4 4. Bd2 O-O 5. Nf3 b6 6. e3 Bb7 7. Bd3 Bxc3 8. bxc3 Ne4 9. O-O f5 10. Rb1 d6 11. a4 a5 12. c5 dxc5 13. Bc4 Bd5 14. Bxd5 Qxd5 15. Ne5 Nd7 16. f4 Nxe5 17. fxe5 Rad8 18. Rb2 cxd4 19. cxd4 Qc4 20. Bc1 Rd7 21. Rf4 Nc3 22. Qf1 Qxf1+ 23. Kxf1 Nxa4 24. Rc2 c5 25. dxc5 Nxc5 26. Ba3 Rc8 27. Rd4 Rcd8 28. Bxc5 bxc5 29. Rxd7 Rxd7 30. Rxc5 Rd5 31. Rxd5 exd5 32. Ke2 Kf7 33. Kd3 Ke6 34. Kd4 a4 35. h3 h5 36. g4 hxg4 37. hxg4 fxg4 38. e4 dxe4 39. Kxe4 a3 0-1

[Event "Landesklasse Ost 2024/25"]
[Site "?"]
[Date "2025.04.27"]
[Round "8.6"]
[White "Aweh, Mads"]
[Black "Samarskyi, Oleksii (Aljosha)"]
[Result "1-0"]
[WhiteElo "1850"]
[BlackElo "1476"]
[PlyCount "71"]
[EventDate "2024.09.15"]
[EventType "team-tourn"]
[EventRounds "9"]
[WhiteTeam "SSV Vimaria 91 Weimar 2"]
[BlackTeam "MTV 1876 Saalfeld"]

1. e4 d5 2. exd5 Qxd5 3. Nc3 Qd8 4. Bc4 Nf6 5. Nf3 Bf5 6. Ne5 e6 7. Qf3 c6 8. Nxf7 Kxf7 9. Qxf5 Qe8 10. Ne4 h6 11. g4 Nbd7 12. g5 g6 13. Qf4 hxg5 14. Nxg5+ Kg8 15. Bxe6+ Kg7 16. O-O Rh5 17. h4 Qb8 18. Bxd7 Bd6 19. Qf3 Rxh4 20. Bh3 Bf4 21. Ne6+ Kf7 22. Nxf4 Rxf4 23. Qg3 Nh5 24. Qb3+ Kg7 25. d4 Rf7 26. Bh6+ Kxh6 27. Qxf7 Qd6 28. Qe6 Qf4 29. Qe3 Rf8 30. Rae1 Qg5+ 31. Qxg5+ Kxg5 32. Re4 Nf4 33. Kh2 Nxh3 34. Kxh3 Rh8+ 35. Kg3 Kf5 36. Rfe1 1-0

[Event "Landesklasse Ost 2024/25"]
[Site "?"]
[Date "2025.04.27"]
[Round "8.7"]
[White "Seichter, Gerhard"]
[Black "Krömer, Emanuel"]
[Result "0-1"]
[WhiteElo "1329"]
[BlackElo "1721"]
[PlyCount "24"]
[EventDate "2024.09.15"]
[EventType "team-tourn"]
[EventRounds "9"]
[WhiteTeam "MTV 1876 Saalfeld"]
[BlackTeam "SSV Vimaria 91 Weimar 2"]

1. e4 d5 2. exd5 Qxd5 3. Nc3 Qa5 4. d3 Nf6 5. Bd2 Nc6 6. Nf3 Bg4 7. Be2 O-O-O 8. O-O e6 9. a3 Bd6 10. Ng5 Bxe2 11. Nxe2 Qe5 12. Nxf7 Qxh2# 0-1

[Event "Landesklasse Ost 2024/25"]
[Site "?"]
[Date "2025.04.27"]
[Round "8.8"]
[White "Käckell, Oskar"]
[Black "Gräf, Patrick"]
[Result "1-0"]
[WhiteElo "1686"]
[BlackElo "1426"]
[PlyCount "105"]
[EventDate "2024.09.15"]
[EventType "team-tourn"]
[EventRounds "9"]
[WhiteTeam "SSV Vimaria 91 Weimar 2"]
[BlackTeam "MTV 1876 Saalfeld"]

1. d4 d5 2. Nf3 Nf6 3. e3 e6 4. Bd3 c5 5. b3 Nc6 6. O-O Qc7 7. Bb2 a6 8. c4 Ne4 9. Nbd2 f5 10. Rc1 b6 11. Ne5 Nxe5 12. dxe5 Bb7 13. cxd5 exd5 14. f3 Nxd2 15. Qxd2 g6 16. f4 O-O-O 17. Qe2 a5 18. Bb5 h5 19. Rfd1 h4 20. h3 Be7 21. Rc2 Kb8 22. Rcd2 g5 23. Bc3 Bc8 24. e6 Rhf8 25. Be5 Bd6 26. Bxd6 Qxd6 27. Bc4 Bxe6 28. Qf3 gxf4 29. Bxd5 Bxd5 30. Rxd5 Qc7 31. Rxd8+ Rxd8 32. Rxd8+ Qxd8 33. Qxf4+ Kb7 34. Qxf5 Qd1+ 35. Qf1 Qd2 36. Qf2 Qd1+ 37. Kh2 Qd6+ 38. g3 Qe5 39. Kg2 Ka7 40. gxh4 Qe4+ 41. Kg3 Qg6+ 42. Kh2 Qd6+ 43. Kg2 Qg6+ 44. Qg3 Qe4+ 45. Qf3 Qxh4 46. Qf7+ Ka6 47. Qc4+ Qxc4 48. bxc4 b5 49. Kf2 bxc4 50. Ke2 Kb5 51. Kd2 Kb4 52. Kc2 Ka3 53. h4 1-0

[Event "Landesklasse Ost 2024/25"]
[Site "?"]
[Date "2025.04.27"]
[Round "8.1"]
[White "Schulz, Phillip"]
[Black "Dietrich, Mareike"]
[Result "1/2-1/2"]
[WhiteElo "1974"]
[BlackElo "1800"]
[PlyCount "80"]
[EventDate "2024.09.15"]
[EventType "team-tourn"]
[EventRounds "9"]
[WhiteTeam "TV 1887 Germania Hermsdorf"]
[BlackTeam "SV Empor Erfurt 2"]

1. d4 Nf6 2. c4 e6 3. Nc3 Bb4 4. e3 b6 5. Bd3 Bb7 6. f3 O-O 7. Nge2 d5 8. a3 Be7 9. O-O Ba6 10. cxd5 Bxd3 11. Qxd3 Nxd5 12. e4 Nf6 13. Be3 c5 14. Rfd1 Nbd7 15. d5 exd5 16. Nxd5 Nxd5 17. Qxd5 Nf6 18. Qb7 Qe8 19. e5 Nh5 20. g4 Bf6 21. Qe4 Bxe5 22. gxh5 Bxb2 23. Ra2 Qb5 24. Qc2 Qe8 25. Bf4 Bf6 26. Bd6 Qe3+ 27. Kg2 Rfe8 28. Bf4 Qe6 29. Rd6 Qe7 30. Qd3 Rad8 31. Rd2 Rxd6 32. Bxd6 Qd7 33. Ng3 Bd4 34. Bf4 Qc6 35. Ne4 h6 36. Qb3 Re6 37. a4 Qe8 38. Qc4 Qe7 39. Re2 Qh4 40. Bg3 Qxh5 1/2-1/2

[Event "Landesklasse Ost 2024/25"]
[Site "?"]
[Date "2025.04.27"]
[Round "8.2"]
[White "Bethge, Johanna"]
[Black "Wentzel, Florian"]
[Result "0-1"]
[WhiteElo "1791"]
[BlackElo "2032"]
[PlyCount "114"]
[EventDate "2024.09.15"]
[EventType "team-tourn"]
[EventRounds "9"]
[WhiteTeam "SV Empor Erfurt 2"]
[BlackTeam "TV 1887 Germania Hermsdorf"]

1. e4 c5 2. Nf3 Nc6 3. d4 cxd4 4. Nxd4 Nf6 5. Nc3 d6 6. Be3 e5 7. Nb3 Be6 8. f3 Be7 9. Qd2 O-O 10. O-O-O a6 11. g4 Rc8 12. Kb1 b5 13. g5 Nd7 14. h4 Nb6 15. Qf2 Nc4 16. Bc1 Qc7 17. Bh3 Rb8 18. h5 b4 19. Na4 Bxh3 20. Rxh3 Nd8 21. Rdh1 Ne6 22. g6 h6 23. Nd2 Bg5 24. Nxc4 Qxc4 25. b3 Qc7 26. gxf7+ Qxf7 27. Rd1 Bxc1 28. Kxc1 Ng5 29. Rh4 Nxf3 30. Rg4 Qxh5 31. Qg2 Ng5 32. Rxd6 Rf4 33. Rxf4 exf4 34. Nc5 f3 35. Qf1 Qf7 36. e5 Qf4+ 37. Kb1 Qxe5 38. Qc4+ Kh8 39. Rd1 Rc8 40. Nd3 Rxc4 41. Nxe5 Re4 42. Rd8+ Kh7 43. Nd3 Ne6 44. Ra8 Nf4 45. Rf8 g5 46. Kc1 h5 47. Kd1 Rd4 48. Rxf4 Rxf4 49. Nxf4 gxf4 50. Ke1 Kg6 51. Kf2 Kf5 52. Kxf3 h4 53. Kf2 Kg4 54. Kg2 f3+ 55. Kh2 h3 56. a3 f2 57. axb4 f1=Q 0-1

[Event "Landesklasse Ost 2024/25"]
[Site "?"]
[Date "2025.04.27"]
[Round "8.3"]
[White "Rohde, Frederik"]
[Black "Finke, Daniel"]
[Result "1-0"]
[WhiteElo "1752"]
[BlackElo "1710"]
[PlyCount "137"]
[EventDate "2024.09.15"]
[EventType "team-tourn"]
[EventRounds "9"]
[WhiteTeam "TV 1887 Germania Hermsdorf"]
[BlackTeam "SV Empor Erfurt 2"]

1. e4 e5 2. Nf3 Nc6 3. Bc4 Bc5 4. c3 Nf6 5. d3 a6 6. O-O O-O 7. Bg5 d6 8. Nbd2 Bg4 9. Qc2 h6 10. Be3 Bxe3 11. fxe3 Na5 12. Rf2 Nxc4 13. Nxc4 Nd7 14. Raf1 b5 15. Ncd2 c5 16. h3 Bh5 17. Rd1 Rc8 18. Nf1 Bg6 19. Ng3 Nb6 20. Nf5 Bxf5 21. exf5 Qf6 22. Nh2 Nd7 23. Rf3 d5 24. Qf2 h5 25. g4 h4 26. Kh1 b4 27. Rg1 Qg5 28. f6 g6 29. Rf5 Qh6 30. g5 Qh5 31. Rf3 bxc3 32. bxc3 d4 33. exd4 cxd4 34. cxd4 exd4 35. Rf4 Ne5 36. Qxd4 Rfe8 37. Rxh4 Nf3 38. Rxh5 Nxd4 39. Rh4 Nf5 40. Re4 Red8 41. Rc4 Rxc4 42. dxc4 Rc8 43. Rc1 Nd6 44. Kg2 Nxc4 45. Kf2 Rc6 46. Nf3 Ne5 47. Rxc6 Nxc6 48. Nd2 Kf8 49. Nc4 Nb4 50. a3 Nc2 51. Ke2 Nd4+ 52. Ke3 Nf5+ 53. Ke4 Ke8 54. Kd5 Nh4 55. Ne5 Nf5 56. Kc5 Ne3 57. Kb6 Nc2 58. a4 Nb4 59. Ka5 Nd5 60. Kxa6 Nf4 61. h4 Ng2 62. Kb7 Nxh4 63. a5 Nf5 64. a6 Nd6+ 65. Kc6 Nc8 66. Kc7 Na7 67. Nc4 Kf8 68. Nd6 Kg8 69. Kb7 1-0

[Event "Landesklasse Ost 2024/25"]
[Site "?"]
[Date "2025.04.27"]
[Round "8.5"]
[White "Moje, Hans-Jürgen"]
[Black "Zugehör, Frank"]
[Result "1-0"]
[WhiteElo "1798"]
[BlackElo "1863"]
[PlyCount "85"]
[EventDate "2024.09.15"]
[EventType "team-tourn"]
[EventRounds "9"]
[WhiteTeam "TV 1887 Germania Hermsdorf"]
[BlackTeam "SV Empor Erfurt 2"]

1. e4 d6 2. d4 Nf6 3. Nc3 g6 4. Nf3 Bg7 5. Bc4 O-O 6. Bg5 c6 7. O-O b5 8. Bd3 b4 9. Ne2 Bg4 10. Ng3 Nh5 11. Nxh5 Bxh5 12. Be2 h6 13. Be3 Nd7 14. Qd2 Nf6 15. Bd3 Ng4 16. Qxb4 Nxe3 17. fxe3 Rb8 18. Qa3 Qb6 19. Rab1 c5 20. dxc5 Qxc5 21. Qxc5 dxc5 22. b3 Bxf3 23. gxf3 Bc3 24. Rbd1 Rbd8 25. Bc4 Kg7 26. Rd5 Bb4 27. Rfd1 Ba5 28. R1d3 Bb6 29. Kf2 e6 30. Rd7 Kf6 31. f4 e5 32. R3d6+ Kg7 33. fxe5 Rxd7 34. Rxd7 g5 35. e6 Kg6 36. exf7 Kf6 37. Kf3 Kg7 38. e5 Rd8 39. e6 Rxd7 40. exd7 Kf8 41. Kg4 Bd8 42. e4 Kg7 43. e5 1-0

[Event "Landesklasse Ost 2024/25"]
[Site "?"]
[Date "2025.04.27"]
[Round "8.6"]
[White "Renner, Wolfgang"]
[Black "Hadlich, Gerald"]
[Result "1/2-1/2"]
[WhiteElo "1709"]
[BlackElo "1766"]
[PlyCount "64"]
[EventDate "2024.09.15"]
[EventType "team-tourn"]
[EventRounds "9"]
[WhiteTeam "SV Empor Erfurt 2"]
[BlackTeam "TV 1887 Germania Hermsdorf"]

1. Nf3 d6 2. d4 f5 3. g3 g6 4. Bg2 Nf6 5. c4 Bg7 6. Nc3 O-O 7. O-O c6 8. Rb1 Qc7 9. b4 e5 10. dxe5 dxe5 11. Qb3 h6 12. c5+ Kh7 13. a4 Qe7 14. b5 Be6 15. Qb4 Nd5 16. Nxd5 Bxd5 17. bxc6 Bxc6 18. Ba3 Rd8 19. Nd2 Na6 20. Qa5 e4 21. e3 Rd3 22. Bb2 Qxc5 23. Qxc5 Nxc5 24. Bxg7 Kxg7 25. Nc4 Bxa4 26. Nb2 Rd5 27. Nxa4 Nxa4 28. Rxb7+ Kf6 29. Ra1 Nc5 30. Raxa7 Rxa7 31. Rxa7 Rd1+ 32. Bf1 Rd6 1/2-1/2

[Event "Landesklasse Ost 2024/25"]
[Site "?"]
[Date "2025.04.27"]
[Round "8.7"]
[White "Pietsch, Karsten"]
[Black "Kompe, Jörg"]
[Result "1/2-1/2"]
[WhiteElo "1718"]
[BlackElo "1619"]
[PlyCount "61"]
[EventDate "2024.09.15"]
[EventType "team-tourn"]
[EventRounds "9"]
[WhiteTeam "TV 1887 Germania Hermsdorf"]
[BlackTeam "SV Empor Erfurt 2"]

1. d4 Nf6 2. c4 g6 3. Nc3 d5 4. cxd5 Nxd5 5. e4 Nxc3 6. bxc3 Bg7 7. Bc4 O-O 8. Ne2 c5 9. O-O Nc6 10. Be3 Qc7 11. Qc2 Na5 12. Bd5 e6 13. Bb3 Bd7 14. a4 Nxb3 15. Qxb3 c4 16. Qb4 a5 17. Qb2 Bc6 18. f3 Qd7 19. Rfb1 Bxa4 20. Qxb7 Qxb7 21. Rxb7 Bb3 22. Bc1 a4 23. Kf2 Rfb8 24. Rxb8+ Rxb8 25. Ke1 f5 26. g3 fxe4 27. fxe4 Kf7 28. Bb2 Ra8 29. Kd2 Bh6+ 30. Ke1 Bg7 31. Kd2 1/2-1/2

[Event "Landesklasse Ost 2024/25"]
[Site "?"]
[Date "2025.04.27"]
[Round "8.8"]
[White "Günther, Oliver"]
[Black "Günther, Dominik"]
[Result "1-0"]
[WhiteElo "1737"]
[BlackElo "1478"]
[PlyCount "87"]
[EventDate "2024.09.15"]
[EventType "team-tourn"]
[EventRounds "9"]
[WhiteTeam "SV Empor Erfurt 2"]
[BlackTeam "TV 1887 Germania Hermsdorf"]

1. d4 Nf6 2. c4 e6 3. Nc3 d5 4. cxd5 exd5 5. Bg5 Be7 6. Qc2 O-O 7. e3 h6 8. Bh4 c6 9. Bd3 Re8 10. Nge2 Ne4 11. Bxe7 Qxe7 12. O-O f5 13. Rae1 Na6 14. a3 Be6 15. Bxa6 bxa6 16. Nxe4 dxe4 17. Rc1 Rab8 18. b4 Bd5 19. Qc5 Qxc5 20. Rxc5 Rb5 21. Rfc1 Rxc5 22. Rxc5 Re6 23. Nf4 Rd6 24. Nxd5 cxd5 25. Rc8+ Kf7 26. Rc7+ Kf6 27. Rxa7 Rc6 28. g3 Kg6 29. a4 Rc1+ 30. Kg2 Rb1 31. Rxa6+ Kg5 32. b5 Kh5 33. b6 g5 34. h3 g4 35. h4 f4 36. gxf4 g3 37. Kxg3 Rxb6 38. Ra8 Rg6+ 39. Kh3 Rg4 40. Rd8 Rxh4+ 41. Kg2 Rg4+ 42. Kf1 Kh4 43. Rxd5 h5 44. Rg5 1-0

[Event "Landesklasse West 2024/25"]
[Site "?"]
[Date "2025.04.27"]
[Round "8.1"]
[White "Göpfert, Gregor"]
[Black "Kurze, Christoph"]
[Result "0-1"]
[WhiteElo "1784"]
[BlackElo "1973"]
[PlyCount "64"]
[EventDate "2024.09.15"]
[EventType "team-tourn"]
[EventRounds "9"]
[WhiteTeam "ESV Lok Meiningen"]
[BlackTeam "SV Ammern"]

{[%evp 0,64,27,14,48,23,23,30,18,14,35,18,28,26,14,14,57,39,39,-4,5,6,25,24,29,39,47,52,51,-31,-39,-44,-32,-31,-58,-90,-90,-100,-34,-36,-39,-37,-66,-65,-67,-64,-64,-79,-21,-81,-56,-48,-38,-72,-16,-123,-74,-92,-122,-168,-176,-147,-159,-525,-164,-515,-558]} 1. e4 e6 2. d4 d5 3. exd5 exd5 4. Bd3 Nc6 5. Nf3 Bd6 6. O-O Nge7 7. Re1 Bg4 8. c3 Qd7 9. Bg5 f6 10. Bh4 g5 11. Bg3 Bxg3 12. hxg3 O-O-O 13. Nbd2 h5 14. Qc2 h4 15. gxh4 gxh4 16. Nh2 Rdg8 17. Kh1 Bf5 18. Ndf1 Rh5 19. Ne3 Bxd3 20. Qxd3 Ng6 21. Qe2 Nf4 22. Qf3 Qd6 23. Rad1 Rhg5 24. Rg1 Ne7 25. Nhg4 Neg6 26. Rd2 Qe6 27. Nh2 c6 28. Nc2 Nh5 29. Re1 Qd7 30. Ne3 Ngf4 31. Rg1 f5 32. Rdd1 Rg3 0-1

[Event "Landesklasse West 2024/25"]
[Site "?"]
[Date "2025.04.27"]
[Round "8.3"]
[White "Lehmann, Georg"]
[Black "Breuer, Harald"]
[Result "0-1"]
[WhiteElo "1682"]
[BlackElo "1763"]
[PlyCount "116"]
[EventDate "2024.09.15"]
[EventType "team-tourn"]
[EventRounds "9"]
[WhiteTeam "ESV Lok Meiningen"]
[BlackTeam "SV Ammern"]

{[%evp 0,116,27,14,51,45,80,80,62,34,42,40,72,40,45,24,51,43,42,32,47,41,13,6,-21,-37,-61,-53,-44,-44,-12,-24,-35,-84,-91,-92,-102,-135,-130,-261,-261,-275,-267,-362,-363,-339,-319,-429,-435,-545,-507,-568,-455,-564,-440,-430,-443,-499,-476,-485,-348,-472,-542,-579,-423,-971,-824,-805,-553,-612,-421,-449,-493,-447,-578,-888,-888,-1561,-473,-557,-277,-523,-407,-482,-367,-462,-367,-367,-323,-341,-341,-337,-341,-347,-359,-359,-358,-354,-381,-406,-435,-437,-454,-560,-466,-505,-519,-533,-533,-549,-605,-652,-688,-880,-706,-921,-858,-859,-859]} 1. e4 c5 2. Nf3 d6 3. d4 cxd4 4. Nxd4 Nf6 5. Nc3 a6 6. Be2 e5 7. Nb3 Be6 8. Be3 Be7 9. Qd2 b5 10. f3 Nbd7 11. g4 Nb6 12. h4 Nc4 13. Bxc4 bxc4 14. Nc1 Qa5 15. g5 Nd7 16. f4 exf4 17. Bxf4 Ne5 18. Bxe5 dxe5 19. Qg2 Rb8 20. O-O Rxb2 21. Nd5 Bxd5 22. exd5 Qc5+ 23. Kh1 Qd4 24. d6 Qxh4+ 25. Kg1 Qd4+ 26. Kh1 Qxd6 27. Ne2 O-O 28. Nc3 Qg6 29. Ne4 Bd8 30. Qe2 Bxg5 31. Nxg5 Qxg5 32. Qxc4 Rb6 33. Rf2 Qh5+ 34. Kg1 Rh6 35. Qe4 f5 36. Qd5+ Kh8 37. Rd1 e4 38. Kf1 Rhf6 39. c4 Qf7 40. Qd4 h6 41. c5 Qc7 42. Rc2 Rc8 43. Qd7 Qxd7 44. Rxd7 Rfc6 45. Rd5 g6 46. Ke2 Kg7 47. Ke3 Kf6 48. Kd4 h5 49. Rb2 h4 50. Rb6 h3 51. Rd6+ Kg5 52. Rdxc6 Rxc6 53. Rb1 Kh4 54. Kd5 Rc8 55. Kd6 e3 56. c6 Kg3 57. Kd7 Rxc6 58. Kxc6 e2 0-1

[Event "Landesklasse West 2024/25"]
[Site "?"]
[Date "2025.04.27"]
[Round "8.5"]
[White "Rasch, Wolfgang"]
[Black "Wegerich, Michael"]
[Result "0-1"]
[WhiteElo "1612"]
[BlackElo "1876"]
[PlyCount "44"]
[EventDate "2024.09.15"]
[EventType "team-tourn"]
[EventRounds "9"]
[WhiteTeam "ESV Lok Meiningen"]
[BlackTeam "SV Ammern"]

{[%evp 0,44,27,27,61,59,59,46,55,81,62,60,58,77,101,102,110,113,85,25,44,21,60,48,49,-23,-27,-6,-1,-25,-23,-97,-80,-99,-71,-112,-35,-212,-200,-200,-144,-303,-310,-296,-307,-358,-306]} 1. d4 c5 2. d5 Nf6 3. c4 Ne4 4. Qc2 Qa5+ 5. Nd2 Nd6 6. Ngf3 g6 7. e4 Bg7 8. Bd3 Na6 9. O-O Nb4 10. Qb1 Nxd3 11. Qxd3 b5 12. cxb5 Qxb5 13. Qxb5 Nxb5 14. a4 Nc7 15. Rb1 Ba6 16. Re1 Rb8 17. Re3 Rb4 18. Rb3 Rxb3 19. Nxb3 d6 20. Na5 Bd3 21. Ra1 Bxe4 22. Nc6 a6 0-1

[Event "Landesklasse West 2024/25"]
[Site "?"]
[Date "2025.04.27"]
[Round "8.6"]
[White "Kampfhenkel, Ulrich"]
[Black "Semisch, Helga"]
[Result "1-0"]
[WhiteElo "1912"]
[BlackElo "1129"]
[PlyCount "63"]
[EventDate "2024.09.15"]
[EventType "team-tourn"]
[EventRounds "9"]
[WhiteTeam "SV Ammern"]
[BlackTeam "ESV Lok Meiningen"]

{[%evp 0,63,27,14,77,61,61,51,57,4,29,20,70,29,22,22,25,26,80,53,58,34,12,12,62,-1,48,43,51,36,49,53,74,78,78,41,33,28,71,39,110,118,128,117,366,347,533,537,550,590,590,509,507,428,428,474,861,607,1091,525,1237,662,851,335,747,1098]} 1. e4 c6 2. d4 d5 3. exd5 cxd5 4. c4 e6 5. Nc3 Bd6 6. c5 Bc7 7. Nf3 Nc6 8. Bd3 f5 9. O-O Nf6 10. Re1 O-O 11. a3 Re8 12. Bb5 a6 13. Bxc6 bxc6 14. Bg5 Rb8 15. b4 Rf8 16. Ne5 Bb7 17. Bh4 Qe8 18. Rb1 Nh5 19. a4 f4 20. b5 axb5 21. axb5 Ba5 22. bxc6 Bxc6 23. Rxb8 Qxb8 24. Nxc6 Qb2 25. Ne7+ Kh8 26. Qxh5 Bxc3 27. Rf1 Rd8 28. c6 Qb6 29. Qf7 Bxd4 30. Qxe6 h6 31. Qd7 g5 32. Qe6 1-0

[Event "Landesklasse West 2024/25"]
[Site "?"]
[Date "2025.04.27"]
[Round "8.2"]
[White "Messerschmidt, Nick"]
[Black "Wilhelm, Bernd"]
[Result "0-1"]
[WhiteElo "1942"]
[BlackElo "1893"]
[PlyCount "67"]
[EventDate "2024.09.15"]
[EventType "team-tourn"]
[EventRounds "9"]
[WhiteTeam "SG Barchfeld/Breitungen"]
[BlackTeam "SC Rochade Steinbach-Hallenberg"]

{[%evp 0,67,22,22,27,16,54,36,15,30,39,27,31,30,40,31,42,45,48,42,43,-1,20,6,19,-9,-21,0,30,34,36,25,30,28,21,13,23,35,1,0,0,-37,-30,-32,-30,-23,-27,-26,0,-10,2,-27,-21,-27,-30,-37,-84,-104,-118,-105,-114,-29991,-29992,-29993,-29994,-29995,-29996,-29997,-29998,-29999]} 1. d4 d5 2. Nf3 c6 3. e3 Nf6 4. Bd3 g6 5. Nbd2 Bg7 6. b3 Nbd7 7. Bb2 b5 8. a4 b4 9. a5 O-O 10. h4 h5 11. Ng5 e5 12. dxe5 Ng4 13. f4 Nc5 14. Qe2 Nxd3+ 15. cxd3 c5 16. O-O Ba6 17. Rf3 Rc8 18. e4 d4 19. Nc4 Bxc4 20. bxc4 Rc6 21. Bc1 Ra6 22. Qa2 Qc7 23. Rf1 Qd8 24. Nf3 Qc7 25. Nd2 f6 26. exf6 Raxf6 27. g3 Ne3 28. Rf3 Rxf4 29. gxf4 Rxf4 30. Rxf4 Qxf4 31. Nf3 Qg3+ 32. Kh1 Qxf3+ 33. Kg1 Qf1+ 34. Kh2 0-1

[Event "Landesklasse West 2024/25"]
[Site "?"]
[Date "2025.04.27"]
[Round "8.3"]
[White "Recknagel, Armin"]
[Black "Trappe, Tilman"]
[Result "1/2-1/2"]
[WhiteElo "1579"]
[BlackElo "1747"]
[PlyCount "33"]
[EventDate "2024.09.15"]
[EventType "team-tourn"]
[EventRounds "9"]
[WhiteTeam "SC Rochade Steinbach-Hallenberg"]
[BlackTeam "SG Barchfeld/Breitungen"]

{[%evp 0,33,27,10,75,60,51,37,64,48,54,31,40,31,65,54,64,54,54,54,61,52,57,42,32,41,63,63,63,52,52,65,77,74,83,47]} 1. e4 c6 2. Nc3 d5 3. Nf3 Bg4 4. Be2 e6 5. d4 dxe4 6. Nxe4 Be7 7. O-O Nf6 8. Nxf6+ Bxf6 9. c3 Qc7 10. Re1 O-O 11. Ng5 Bxe2 12. Qxe2 h6 13. Ne4 Be7 14. Qf3 Nd7 15. Bf4 Qa5 16. Qg3 Qh5 17. Qd3 1/2-1/2

[Event "Landesklasse West 2024/25"]
[Site "?"]
[Date "2025.04.27"]
[Round "8.4"]
[White "Theer, Tino"]
[Black "Holland-Cunz, Dietrich"]
[Result "1-0"]
[WhiteElo "1762"]
[BlackElo "1756"]
[PlyCount "47"]
[EventDate "2024.09.15"]
[EventType "team-tourn"]
[EventRounds "9"]
[WhiteTeam "SG Barchfeld/Breitungen"]
[BlackTeam "SC Rochade Steinbach-Hallenberg"]

{[%evp 0,47,22,27,27,-10,36,-1,49,2,26,25,57,39,43,56,47,57,73,75,80,80,90,14,29,36,56,56,44,10,15,-42,29,2,90,41,44,45,47,31,67,37,54,46,85,54,71,61,331,352]} 1. d4 d5 2. c4 c6 3. Nc3 e6 4. Bf4 Nf6 5. e3 Nbd7 6. Nf3 Be7 7. Bd3 dxc4 8. Bxc4 b5 9. Bd3 Bb7 10. O-O Nh5 11. Bg3 Nxg3 12. hxg3 Nf6 13. Qc2 O-O 14. Ne5 c5 15. Nxb5 cxd4 16. Nxd4 Qd5 17. Ndf3 Rac8 18. Qe2 Ne4 19. Rfd1 Qa5 20. a3 Rfd8 21. Rac1 Bf6 22. Ng4 Rxc1 23. Rxc1 Bxb2 24. Qxb2 1-0

[Event "Landesklasse West 2024/25"]
[Site "?"]
[Date "2025.04.27"]
[Round "8.5"]
[White "Hoffmann, Hartmut"]
[Black "Crivellaro, Heiko"]
[Result "1-0"]
[WhiteElo "1964"]
[BlackElo "1811"]
[PlyCount "50"]
[EventDate "2024.09.15"]
[EventType "team-tourn"]
[EventRounds "9"]
[WhiteTeam "SC Rochade Steinbach-Hallenberg"]
[BlackTeam "SG Barchfeld/Breitungen"]

{[%evp 0,50,22,27,22,-10,-18,-3,33,-27,3,-2,28,13,9,0,10,7,11,22,22,38,55,58,111,61,61,28,50,66,137,118,139,144,216,239,233,239,470,604,593,529,636,399,512,436,581,619,936,936,1534,2106,2302]} 1. d4 Nf6 2. c4 e6 3. Nc3 Bb4 4. a3 Bxc3+ 5. bxc3 h6 6. f3 d5 7. e3 Nbd7 8. cxd5 exd5 9. Bd3 c5 10. Ne2 c4 11. Bc2 b5 12. Rb1 a6 13. O-O Bb7 14. Ng3 Nf8 15. e4 Ne6 16. e5 Ng8 17. Nf5 Bc6 18. f4 g6 19. Nd6+ Ke7 20. f5 gxf5 21. Qh5 Be8 22. Qxf5 f6 23. Nxe8 Qxe8 24. exf6+ Kf7 25. Qg6+ Kf8 1-0